Nommez ces athlètes - Statistiques

Statistiques générales
  • Ce quiz a été pris 180 fois
    159 depuis la dernière actualisation
  • Le résultat moyen est 6 sur 24
Statistiques - réponses
Par images Réponse % Correct
Usain Bolt
96%
Armand Duplantis
74%
Eliud Kipchoge
49%
Marie-José Pérec
47%
Serguei Bubka
47%
Oscar Pistorius
44%
Wayde von Niekerk
34%
Carl Lewis
32%
Jesse Owens
31%
Michael Johnson
24%
Emil Zatopek
21%
Kenenisa Bekele
21%
Jonathan Edwards
15%
Paavo Nurmi
9%
Jan Zelezny
8%
Javier Sotomayor
6%
Liu Xiang
5%
Terry Fox
5%
Bob Beamon
3%
Abebe Bikila
2%
Fauja Singh
2%
Tommie Smith
2%
Kathrine Switzer
0%
Phidippidès
0%
Aucun quiz correspondant
Distribution des résultats
% des personnes avec chaque résultat
Percentile par nombre de réponses
Votre historique - résultats
Vous n’avez pas pris ce quiz depuis la dernière actualisation